01615nam a2200325 i 450000500170000000700030001700800410002002000180006104000350007904100130011404300120012708200200013910000270015924500940018625000230028026400280030330000930033133600270042433700330045133800280048450000210051250505270053353400320106065000380109265000430113065000420117370000470121594200120126299900150127420220317000932.0ta191023s2008 mx a gr 001 0 spa d a9789681864187 aCO-BoRNBPbspacCO-BoRNBPerda0 aspaheng as-ck---04a620.1bW73i2231 aWright, Paul H.eautor10aIntroducción a la ingenieríacPaul H. Wright ; traducido porbRaúl Arrioja Juárez aTercera edición  1aMéxico bLimusac2008 a297 páginasbilustraciones, diagramas, fotografías y tablas en blanco y negroc23 cm atextobtxt2rdacontent asin mediaciónbn2rdamedia avolumenbnc2rdacarrier aIncluye índice aCapítulo 1. Historia de la ingeniería -- Capitulo 2. Definición de ingeniería -- Capítulo 3. El ingeniero como profesional -- Capitulo 4. El Aprendizaje y el pensamiento creativo -- Capítulo 5. El método de ingeniería para solución de problemas -- Capitulo 6. La comunicación en ingeniería -- Capítulo 7. Cálculos en ingeniería Capítulo 8. Estudio de caso: el proyecto del Boulevard de la libertad en Atlanta -- Capítulo 9 Estudio de caso: el accidente del transbordador espacial Challenger tIntroduction to engineering17aIngenieríaxEnseñanza2ARMARC17aComunicación en ingeniería2ARMARC17aMatemáticas para ingenieros2ARMARC1 aArrioja Juárez, Raúletraductor954927 2ddccBK c5458d5458